000 00558nam a22001937a 4500
005 20251108170501.0
008 250721s9999 xx 000 0 ara d
082 1 4 _aط/ق/محم
100 1 _aكعوش، محمد
245 1 0 _aإنتقام الغزال /
264 1 _aالكويت :
_bمنشورات شركة كاظمه،
_c[19-].
300 _a21ص
490 0 _aيوميات الشاطر حسن ؛ 1
650 1 7 _aأدب الأطفال
650 1 7 _aالقصص العربية
650 1 7 _aالروايات
942 _2ddc
_cBK
999 _c41591
_d41591